Dalgona (Honeycomb) - Squid Game - Statistics

General Stats
  • This quiz has been taken 1,086 times
  • The average score is 8 of 12
Answers on the Grid
Answers color-coded by a green-red scale on the quiz's grid according to % correct below.
⬜⬜⬜
⬜⬜🟨
⬜🟨🟨
⬜⬜⬜
🟨🟨🟨
🟨🟨🟨
🟨🟨🟨
🟨🟨🟨
🟨🟨🟨
⬜⬜⬜
🟨🟨🟨
🟨🟨🟨
⬜⬜⬜
🟨⬜⬜
🟨🟨⬜
🟨🟨🟨
🟨🟨🟨
🟨🟨🟨
🟨🟨🟨
🟨🟨🟨
🟨🟨🟨
🟨🟨🟨
🟨🟨🟨
🟨🟨🟨
🟨🟨🟨
🟨🟨🟨
🟨🟨🟨
🟨🟨🟨
🟨🟨🟨
🟨🟨🟨
🟨🟨🟨
🟨🟨🟨
🟨⬜⬜
🟨🟨🟨
🟨🟨🟨
⬜⬜🟨
🟨🟨🟨
🟨🟨🟨
🟨🟨🟨
🟨🟨🟨
🟨🟨🟨
🟨⬜⬜
🟨🟨🟨
🟨🟨🟨
⬜⬜🟨
⬜⬜⬜
🟨🟨⬜
🟨🟨⬜
⬜⬜🟨
⬜⬜⬜
🟨🟨🟨
🟨🟨🟨
🟨🟨🟨
🟨🟨🟨
🟨🟨🟨
🟨⬜⬜
⬜⬜⬜
⬜⬜⬜
⬜⬜⬜
🟨🟨🟨
⬜🟨⬜
🟨🟨🟨
🟨🟨🟨
⬜⬜⬜
⬜⬜⬜
🟨🟨🟨
‎‎🟨🟨🟨
🟨🟨🟨
🟨🟨🟨
🟨⬜⬜
🟨🟨⬜
🟨⬜⬜
⬜⬜⬜
⬜⬜🟨
🟨🟨🟨
🟨🟨🟨
⬜⬜🟨
⬜⬜⬜
🟨🟨🟨
🟨🟨🟨
⬜⬜⬜
🟨🟨🟨
🟨🟨⬜
⬜⬜⬜
🟨🟨⬜
🟨🟨⬜
⬜⬜⬜
⬜⬜🟨
⬜⬜🟨
🟨🟨⬜
 
Answer Stats
Answer % Correct
⬜⬜⬜
⬜⬜🟨
⬜🟨🟨
93%
⬜⬜⬜
🟨⬜⬜
🟨🟨⬜
74%
⬜⬜🟨
⬜⬜⬜
🟨🟨🟨
67%
🟨🟨🟨
🟨⬜⬜
⬜⬜⬜
66%
⬜⬜⬜
⬜⬜⬜
🟨🟨🟨
66%
🟨🟨⬜
🟨🟨⬜
⬜⬜⬜
66%
⬜⬜🟨
⬜⬜🟨
🟨🟨⬜
66%
⬜⬜⬜
⬜⬜🟨
🟨🟨🟨
65%
⬜⬜⬜
⬜⬜⬜
🟨🟨🟨
65%
🟨⬜⬜
🟨🟨⬜
🟨⬜⬜
64%
⬜⬜⬜
🟨🟨⬜
🟨🟨⬜
64%
🟨🟨🟨
⬜⬜🟨
⬜⬜⬜
61%
No matching quizzes found
Score Distribution
Percent of People with Each Score
Percentile by Number Answered
Your Score History
You have not taken this quiz